Silný protivietor Cirkev a náboženský život v Českej republike nemeckými očami ; Prekl. Miroslav Vaňo

Bibliographic Details
Other Authors: Vaňo, Miroslav (Translator)
Format: Article
Language:Slovak
Subjects:

MARC

LEADER 00000nab a2200000 a 4500
001 vtls000603195
003 SK-MaSNL
005 20260305042614.0
008 160401c1996 xo 0 slo
015 |a SNBRB19rr/mm-uuuuu 
035 |a CL0603334 
040 |a SNKBUCL  |b slo  |c SNKBUCL  |e AACR2 
041 0 |a slo 
044 |a xo  |c SK 
080 |a 261.7(437.1/.2)  |2 1981 
080 |a 322(437.1/.2)  |2 1981 
245 0 0 |a Silný protivietor  |b Cirkev a náboženský život v Českej republike nemeckými očami ; Prekl. Miroslav Vaňo 
650 0 7 |a cirkev  |2 snkbucl  |9 1922 
650 0 7 |a štát  |2 snkbucl  |9 4689 
650 0 7 |a Česká republika  |2 snkbucl  |9 894061 
655 7 |a články z novín a časopisov  |2 snkbucl  |9 267496 
700 1 |a Vaňo, Miroslav  |4 trl  |9 10593 
773 0 |t Listy  |g Roč. 9, č. 3 (1996), s. 9 
850 |a Slovenská národná knižnica v Martine  |a MTA001 
852 |a SNK  |b KIS3GCP 
958 |a SK 
958 |a DE 
958 |a RK 
958 |a RBX 
999 |c 3350149  |d 3352079